000
00272nam a22001097a 4500
008
160209b xxu||||| |||| 00| 0 eng d
020
_a
9781576856628
041
_a
eng
080
_a
801.5
245
_a
Grammar in 15 minutes a day :
_c
Junior skill builders.
942
_2
udc
_c
BK
999
_c
1412
_d
1412